000 00647nas a2200217 4500
001 BR7908426
003 BR-BrBNA
005 20231205084026.0
007 ta
008 230509b bl.|||p| |||| 00| 00por d
040 _aBR-BrBNA
_bpor
_cBiblioteca Nacional de Agricultura
041 _a(Pt)
072 _aL00
100 1 _aAnon.
245 1 _aRanicultura, uma nova e rentavel opcao para pequenas propriedades agricolas [Brasil]
650 _aRANICULTURA
650 _aRANARIO
773 0 _tAgropecuaria (Brazil)
_xISSN 0365-2661
_g(Oct 1979), v. 1(7) p. 42-47
_wBR7908426
909 _a202311
_bLúcia
_c55
_dLúcia Elande
942 _2AGRIS
_n0
_cANA
999 _c102665
_d102665